000 00629nam a2200241Ia 4500
003 OSt
005 20220918210251.0
006 a|||||r|||| 00| 0
007 ta
008 220917b |||||||| |||| 00| 0 eng d
024 _a119,896
037 _cTextual
040 _aARTS
_cARTS
_beng
041 _2eng
_aeng
082 _aZ2,A, L9
100 _aBhatia H S ed
245 0 _aMartial law
_b theory and practice edited by H S Bhatia
260 _aNew Delhi
_bDeep and Deep
_c1979
300 _a240p.
_ccm.
650 _aLAW
_97240
942 _hZ2,A, L9
_cTEXL
_2CC
999 _c243154
_d243154